00391nam a22001457a 450000500170000000800410001702000180005804100080007608200120008410000220009624500420011826000540016030000080021465000230022220230118111622.0200517b xxu||||| |||| 00| 0 eng d a9788186270806 aeng a615 RAO aRAO, Dr. G.DEVALA aA Textbook of pharmaceutical analysis aNew DelhibCBS Publishers and distributors c2020 a214 aPharmacyxD.PHARMA